Biggest Cities in Occupied France on a Map - Statistics

General Stats
  • This quiz has been taken 79 times
  • The average score is 11 of 20
Answers on the Map
Answers color-coded by a green-red scale on the quiz's map according to % correct below.
 
Answer Stats
Population Cities % Correct
2,829,753 Paris
100%
240,747 Lille
88%
192,911 Strasbourg
85%
281,338 Bordeaux
84%
195,203 Nantes
75%
118,700 Brest
70%
98,538 Rennes
64%
186,701 Le Havre
63%
96,374 Dijon
60%
122,812 Rouen
57%
121,301 Nancy
52%
87,482 Metz
51%
117,229 Reims
46%
93,095 Tours
40%
84,525 Le Mans
39%
88,004 Angers
37%
93,773 Amiens
36%
100,903 Mulhouse
34%
107,105 Roubaix
28%
97,379 Boulogne-Billancourt
12%
No matching quizzes found
Score Distribution
Percent of People with Each Score
Percentile by Number Answered
Your Score History
You have not taken this quiz